Oral Controlled Release Formulation Design and Drug Delivery: theory to practice (Record no. 6275)
[ view plain ]
| 000 -LEADER | |
|---|---|
| fixed length control field | 00611nam a22002057a 4500 |
| 003 - CONTROL NUMBER IDENTIFIER | |
| control field | OSt |
| 005 - DATE AND TIME OF LATEST TRANSACTION | |
| control field | 20190830113320.0 |
| 008 - FIXED-LENGTH DATA ELEMENTS--GENERAL INFORMATION | |
| fixed length control field | 190830b ||||| |||| 00| 0 eng d |
| 020 ## - INTERNATIONAL STANDARD BOOK NUMBER | |
| International Standard Book Number | 9780470253175 |
| 040 ## - CATALOGING SOURCE | |
| Transcribing agency | DNLM |
| 082 ## - DEWEY DECIMAL CLASSIFICATION NUMBER | |
| Classification number | QV785 O1a 2010 |
| 100 ## - MAIN ENTRY--PERSONAL NAME | |
| Personal name | Edited byHong, Wen; Kinam, Park |
| 9 (RLIN) | 12890 |
| 245 ## - TITLE STATEMENT | |
| Title | Oral Controlled Release Formulation Design and Drug Delivery: theory to practice |
| 260 ## - PUBLICATION, DISTRIBUTION, ETC. (IMPRINT) | |
| Place of publication, distribution, etc. | New Jersey; |
| Name of publisher, distributor, etc. | John Wiley, |
| Date of publication, distribution, etc. | 2010 |
| 300 ## - PHYSICAL DESCRIPTION | |
| Extent | x,363p; |
| Other physical details | ill: |
| Dimensions | 29cm |
| 504 ## - BIBLIOGRAPHY, ETC. NOTE | |
| Bibliography, etc | References, & index included |
| 650 ## - SUBJECT ADDED ENTRY--TOPICAL TERM | |
| Topical term or geographic name as entry element | Drug delivery |
| 9 (RLIN) | 2973 |
| 650 ## - SUBJECT ADDED ENTRY--TOPICAL TERM | |
| Topical term or geographic name as entry element | Oral control |
| 9 (RLIN) | 12891 |
| 942 ## - ADDED ENTRY ELEMENTS (KOHA) | |
| Source of classification or shelving scheme | Other/Generic Classification Scheme |
| Koha item type | Book Bank |
| Withdrawn status | Lost status | Source of classification or shelving scheme | Damaged status | Not for loan | Home library | Current library | Date acquired | Source of acquisition | Inventory number | Total Checkouts | Full call number | Barcode | Date last seen | Koha item type |
|---|---|---|---|---|---|---|---|---|---|---|---|---|---|---|
| Other/Generic Classification Scheme | MUST Main Library | MUST Main Library | 30/08/2019 | Purchase | 19/41119 | QV785 O1a 2010 | 2019-0313 | 30/08/2019 | Open Shelf | |||||
| Other/Generic Classification Scheme | MUST Main Library | MUST Main Library | 30/08/2019 | Purchase | 19/41120 | QV785 O1a 2010 | 2019-0314 | 30/08/2019 | Open Shelf | |||||
| Other/Generic Classification Scheme | MUST Main Library | MUST Main Library | 30/08/2019 | Purchase | 19/41121 | QV785 O1a 2010 | 2019-0315 | 30/08/2019 | Open Shelf |
